Normal view
MARC view
Entry Personal Name
001 - CONTROL NUMBER
- control field: 46300
003 - CONTROL NUMBER IDENTIFIER
- control field: OSt
005 - DATE AND TIME OF LATEST TRANSACTION
- control field: 20240621155253.0
008 - FIXED-LENGTH DATA ELEMENTS
- fixed length control field: 240621|| aca||aabn | a|a d
040 ## - CATALOGING SOURCE
- Original cataloging agency: OSt
- Transcribing agency: OSt
100 ## - HEADING--PERSONAL NAME
- Personal name: Nagla, Madhu
670 ## - SOURCE DATA FOUND
- Source citation: Work cat.: (OSt): Nagla, Madhu , K. B. Saxena (Ed.), private sector participation in public services: Health
